| 000 | 00526nam a22001697a 4500 | ||
|---|---|---|---|
| 003 | NUST | ||
| 038 | _aNusrat Nadeem | ||
| 082 | _a200 | ||
| 100 |
_aTanveer, Hira _9125545 |
||
| 245 |
_aXAI in the Finance Sector: De-mystifying the Black-box AI/ _cHira Tanveer, |
||
| 264 |
_aIslamabad; _bSEECS NUST; _c2024. |
||
| 300 |
_a82,p; _bill; _c30,cm. |
||
| 650 |
_aMS- Computer Science _926780 |
||
| 700 |
_aSupervisor: Dr. Seemab Latif _996493 |
||
| 856 | _uhttp://10.250.8.41:8080/xmlui/handle/123456789/46164 | ||
| 942 |
_2ddc _cSC |
||
| 999 |
_c611288 _d611288 |
||